000 00851nam a2200205 i 4500
001 38202
003 ES-MaACL
005 20250910063058.0
007 t|
008 030224s1900 sp a |||| | spa d
080 _a394.84(460)(091)
100 0 _aCabriñana, Julio Urbina y Ceballos-Escaleras,
_cMarqués de
_933331
245 1 0 _aLances entre caballeros
_b: este libro contiene una reseña histórica del duelo y un proyecto de bases para la redacción de un código del honor en España /
_cCabriñana ; corregido y anotado por los Sres. José Echegaray, Duque de Tamames ... [et al.].
260 _aMadrid :
_bs.n.,
_c1900 (
_fSuc. Rivadeneyra)
300 _a489 p. :
_bil. ;
_c26 cm.
650 4 _aDuelos-
_zEspaña.
_9155858
700 1 _aEchegaray, José,
_d1832-1916
_946526
852 _aES-MaACL
_jF-1308
999 _c38202
_d38202